Predaj štruktúrovaných bankových produktov je ako predaj chladničiek Eskimákom
Pokles úrokových sadzieb a inflácia. Dôsledky krízy a nedostatok dopytu. Marketing a predaj štruktúrovaných bankových produktov. Vývoj indexu akcií, podiel rastu a výnos. Banky a ich produkty. Klienti a daň z úrokov.
Enregistré dans:
| Auteur principal: | |
|---|---|
| Format: | Chapitre de livre |
| Langue: | slovaque |
| Sujets: | |
| Tags: |
Pas de tags, Soyez le premier à ajouter un tag!
|
MARC
| LEADER | 00000naa$a2200000$$$4500 | ||
|---|---|---|---|
| 001 | 0108089 | ||
| 005 | 20240502072207.4 | ||
| 041 | 0 | |a slo | |
| 044 | |a SK | ||
| 245 | 1 | 0 | |a Predaj štruktúrovaných bankových produktov je ako predaj chladničiek Eskimákom |c Ľuboš Pavelka |
| 520 | |a Pokles úrokových sadzieb a inflácia. Dôsledky krízy a nedostatok dopytu. Marketing a predaj štruktúrovaných bankových produktov. Vývoj indexu akcií, podiel rastu a výnos. Banky a ich produkty. Klienti a daň z úrokov. | ||
| 610 | 2 | 0 | |a banky |
| 610 | 2 | 0 | |a služby bankové |
| 610 | 2 | 0 | |a sadzby úrokové |
| 610 | 2 | 0 | |a operácie bankové |
| 610 | 2 | 0 | |a sporenie obyvateľstva |
| 610 | 2 | 0 | |a inflácia |
| 100 | 1 | |a Pavelka, Ľuboš, 1962- | |